Chapter 1 Sustainable cities and landscapes (Record no. 23804)

MARC details
000 -LEADER
fixed length control field 00587nam a2200133Ia 4500
008 - FIXED-LENGTH DATA ELEMENTS--GENERAL INFORMATION
fixed length control field 220620s9999||||xx |||||||||||||| ||und||
100 ## - MAIN ENTRY--PERSONAL NAME
Personal name Yang, Yizhao||Taufen, Anne
245 #0 - TITLE STATEMENT
Title Chapter 1 Sustainable cities and landscapes
Remainder of title Cultivating infrastructures of health
546 ## - LANGUAGE NOTE
Language note English[eng]
650 ## - SUBJECT ADDED ENTRY--TOPICAL TERM
Topical term or geographic name entry element city-landscape development||development inequities||Pacific Rim||sustainable development policies||sustainable urban development
700 ## - ADDED ENTRY--PERSONAL NAME
Personal name Yang, Yizhao||Taufen, Anne
856 ## - ELECTRONIC LOCATION AND ACCESS
Uniform Resource Identifier <a href="https://library.oapen.org/bitstream/20.500.12657/53266/1/9781003033530_10.4324-1.pdf">https://library.oapen.org/bitstream/20.500.12657/53266/1/9781003033530_10.4324-1.pdf</a>
942 ## - ADDED ENTRY ELEMENTS (KOHA)
Koha item type E-Books
Holdings
Withdrawn status Lost status Damaged status Not for loan Home library Current library Date acquired Total Checkouts Date last seen Price effective from Koha item type
        Kerala University of Digital Sciences, Innovation and Technology Knowledge Centre Kerala University of Digital Sciences, Innovation and Technology Knowledge Centre 20/06/2022   20/06/2022 20/06/2022 E-Books